GTA V - hahmot - Statistics

Yleistilastot
  • Tätä visaa on pelattu 24 kertaa
  • Keskiarvotulos 9 / 29
Vastaustilastot
Kuvavisa Vastaus % Oikein
Michael De Santa
95%
Trevor Philips
95%
Franklin Clinton
91%
Lester Crest
77%
James De Santa
64%
Amanda De Santa
55%
Lamar Davis
55%
Ron Jakowski
32%
Dave Norton
27%
Simeon Yetarian
27%
Tracey De Santa
27%
Martin Madrazo
23%
Devin Weston
18%
Maude Eccles
18%
Steve Haines
18%
Bradley Sinder
14%
Floyd Hebert
14%
Molly Schultz
14%
Patricia Madrazo
14%
Tanisha Jackson
14%
Tao Cheng
14%
Wade Hebert
14%
Cletus Ewing
9%
Denise Clinton
9%
Dr. Isiah Friedlander
9%
Fabien LaRouche
9%
Lazlow Jones
9%
Mrs. Philips
9%
Solomon Richards
9%
Ehtoja vastaavia visoja ei löytynyt
Tulosjakauma
Jokaisen tuloksen saaneiden osuus
Persentiili vastausten määrän mukaan
Tuloshistoriasi
Et ole pelannut tätä visaa